00988nam a2200241 i 4500003000900000005001700009007000300026008004100029020001800070040003000088082001900118100004100137245021600178264007200394300002700466336002700493337003300520338002900553490003200582500003900614500006400653504002900717DO-SdBNP20250805135658.0ta250805s2018 dr 000 0 spa d a9789945590913 aDO-SdBNPbspacBNPHUerda 4axxxxbD2522221 aDavidson, Christina C.eautora4aut.13aAnalysis of evangelical christianity in the dominican republic :bfocus on two historical protestant churches: The African methodist episcopal church and the dominican evangelical church /cChristina C. Davidson aSanto Domingo :bFundación Global Democracia y Desarrollo,c2018. a63 páginas ;c21 cm. atextobtxt2rdacontent asin mediaciónbn2rdamedia avolumenbnc2rdacarrier 1 aResearch and ideasaHistory aIncluye notas a pie de páginas.  aIncluye datos biografícos de la autora en la página 57. aBibliografía p: 53-55.